01288cam a22003015a 45000010009000000050017000090080041000260200028000670200031000950400028001260820019001541000027001732450075002002500012002752600066002873000035003535000171003885000027005595000024005866500067006106500064006776510010007416530036007517000023007879420019008109990017008299520140008461796976920160113142457.0131212t2014 nyua frdf 001 0 eng d a0814432158 (alk. paper) a9780814432150 (alk. paper) aDLCbengcDLCdEG-ScBUE04a658.2222bROP1 aRoper, Kathy O.93904314aThe facility management handbook /cKathy O. Roper, Richard P. Payant. a4th ed. aNew York :bAmacom/ American Management Association,cc.2014. aviii, 674 p. :bill. ;c26 cm. aOn cover: Revised and updated : includes new information on BIM, contracting and project management methods, FASB and IASB requirements, and sustainability reporting. aGlossary : p. 617-641. aIndex : p. 643-674. 0aReal estate managementvHandbooks, manuals, etc.2BUEsh939044 0aFacility managementvHandbooks, manuals, etc.2BUEsh939045 2BUEsh bENGGENcAugust2015cJanuary20161 aPayant, Richard P. 2ddck658.2 ROP c20486d20458 00102ddc40708BaccahaMAINbMAINc1STd2015-08-09epurchaseg640.00h21761l0o658.2 ROPp000030796r2025-07-15 00:00:00v800.00yBB